000 00499nam a2200181Ia 4500
003 OSt
005 20201127122046.0
008 190216s9999||||xx |||||||||||||| ||und||
020 _a9788188014033
040 _coclc
082 _a894.8123
_bMAN/M
100 _aMann, Thomas
_96728
245 0 _aMaattivacha Thalakal /
_cThomas Mann
260 _bPoorna Pubs,
_aKozhikode:
_c2010.
300 _a119p
650 _aNovel
942 _cBK
_2ddc
_h894.8123
_iMAN/M
_k894.8123
_mMAN/M
999 _c30006
_d30006